The noble scholar, jurist, historian


 His Excellency Dr. Abdul Wahhab bin Ibrahim Abu Sulaiman, may Allah have mercy on him.


 He was born in Umm Al-Qura in the year 1356 AH.

هذا كتاب ما لا بد منه في أمور الدين على طريقة السلف الصالح / (Record no. 14340)

MARC details
000 -LEADER
fixed length control field 01553cam a2200313 i 4500
003 - CONTROL NUMBER IDENTIFIER
control field SA-RiAUC
005 - DATE AND TIME OF LATEST TRANSACTION
control field 20260215134006.0
008 - FIXED-LENGTH DATA ELEMENTS--GENERAL INFORMATION
fixed length control field 260128s1914 xx g 000r0 ara c
040 ## - CATALOGING SOURCE
Original cataloging agency SA-RiAUC
Language of cataloging ara
Transcribing agency SA-RiAUC
Description conventions rda
082 04 - DEWEY DECIMAL CLASSIFICATION NUMBER
Classification number 240
090 ## - LOCALLY ASSIGNED LC-TYPE CALL NUMBER (OCLC); LOCAL CALL NUMBER (RLIN)
Classification number (OCLC) (R) ; Classification number, CALL (RLIN) (NR) م ن 240
Local cutter number (OCLC) ; Book number/undivided call number, CALL (RLIN) ا ب و ب
100 1# - MAIN ENTRY--PERSONAL NAME
Personal name أبو بكر خوقير، أبو بكر بن محمد بن عارف،
Dates associated with a name 1282-1349 هجري
Relator term مؤلف.
245 10 - TITLE STATEMENT
Title هذا كتاب ما لا بد منه في أمور الدين على طريقة السلف الصالح /
Statement of responsibility, etc. أبي بكر بن محمد عارف خوقير.
246 30 - VARYING FORM OF TITLE
Title proper/short title ما لا بد منه في أمور الدين على طريقة السلف الصالح
264 #1 - PRODUCTION, PUBLICATION, DISTRIBUTION, MANUFACTURE, AND COPYRIGHT NOTICE
Place of production, publication, distribution, manufacture [مكان النشر غير محدد] :
Name of producer, publisher, distributor, manufacturer [الناشر غير محدد]،
Date of production, publication, distribution, manufacture, or copyright notice [1914]
264 #3 - PRODUCTION, PUBLICATION, DISTRIBUTION, MANUFACTURE, AND COPYRIGHT NOTICE
Place of production, publication, distribution, manufacture [مكان الطبع غير محدد] :
Name of producer, publisher, distributor, manufacturer مطبعة التمدن
300 ## - PHYSICAL DESCRIPTION
Extent 88 صفحة ؛
Dimensions 29 سم
336 ## - CONTENT TYPE
Content type term نص
Content type code txt
Source rdacontent
Materials specified كتاب
337 ## - MEDIA TYPE
Media type term بدون وسيط
Media type code n
Source rdamedia
338 ## - CARRIER TYPE
Carrier type term مجلد
Carrier type code nc
Source rdacarrier
500 ## - GENERAL NOTE
General note يليه فهرست كتاب ما لا بد منه في أمور الدين.
650 #7 - SUBJECT ADDED ENTRY--TOPICAL TERM
Topical term or geographic name entry element علم الكلام
Source of heading or term aucsh
856 4# - ELECTRONIC LOCATION AND ACCESS
Uniform Resource Identifier <a href="http://10.10.10.21/hipres/785/book.Web/bookTestPage.html">http://10.10.10.21/hipres/785/book.Web/bookTestPage.html</a>
856 4# - ELECTRONIC LOCATION AND ACCESS
Uniform Resource Identifier <a href="http://10.0.0.80:1112/M.Alsamman/785.pdf">http://10.0.0.80:1112/M.Alsamman/785.pdf</a>
856 4# - ELECTRONIC LOCATION AND ACCESS
Uniform Resource Identifier <a href="http://10.10.10.21/hipres/786/book.Web/bookTestPage.html">http://10.10.10.21/hipres/786/book.Web/bookTestPage.html</a>
856 4# - ELECTRONIC LOCATION AND ACCESS
Uniform Resource Identifier <a href="http://10.0.0.80:1112/M.Alsamman/786.pdf">http://10.0.0.80:1112/M.Alsamman/786.pdf</a>
942 ## - ADDED ENTRY ELEMENTS (KOHA)
Source of classification or shelving scheme Dewey Decimal Classification
Koha item type كتاب مصور نادر
Suppress in OPAC No
949 ## - LOCAL PROCESSING INFORMATION (OCLC)
a SA-JeALM
d 260128
u mohamedma123
n 1
Holdings
Withdrawn status Lost status Source of classification or shelving scheme Damaged status Not for loan Home library Current library Date acquired Total checkouts Full call number Barcode Date last seen Price effective from Koha item type
    Dewey Decimal Classification     DR AbdElwahab Library DR AbdElwahab Library 02/15/2026   م ن 240 ا ب و ب 000022753 02/15/2026 02/15/2026 كتاب مصور نادر